TV Show by 'And ...' Credit Quiz Stats

Quiz Updated Sep 20, 2016

Challenge
Share
Tweet
Score 0/25 Timer 07:00
3 Plays Today
% Correct
Seinfeld
95.1%
The A-Team
94.4%
Star Trek
92.1%
Everybody Loves Raymond
88.2%
The Dukes of Hazzard
87.9%
Happy Days
84.1%
Taxi
79.5%
Leave It to Beaver
78.4%
3rd Rock from the Sun
77.7%
Bewitched
76.3%
Boston Legal
69.9%
Dynasty
66.3%
Married ... with Children
66.1%
% Correct
Criminal Minds
62.9%
Better Call Saul
61.2%
Good Times
59.2%
Buffy the Vampire Slayer
48.1%
24: Live Another Day
42.3%
Battlestar Galactica
41.3%
The Partridge Family
41%
Mr. Robot
38.4%
The Walking Dead
32.6%
Hart to Hart
31.4%
Veronica Mars
22.8%
Mork & Mindy
15.6%

You're not logged in!

Compare scores with friends on all Sporcle quizzes.
Sign Up with Email
OR
Log In

You Might Also Like...

Show Comments

Extras

Top Quizzes Today


Score Distribution

Your Account Isn't Verified!

In order to create a playlist on Sporcle, you need to verify the email address you used during registration. Go to your Sporcle Settings to finish the process.